Evaluación de un compuesto conglomerante para la solidificación de un simulante de regolito lunar de potencial aplicación en asentamientos lunares.
保存先:
| 第一著者: | |
|---|---|
| その他の著者: | |
| フォーマット: | 図書 |
| 言語: | Spanish |
| 出版事項: |
San José, [Costa Rica]
2023.
|
| 主題: | |
| タグ: |
タグ追加
タグなし, このレコードへの初めてのタグを付けませんか!
|
MARC
| LEADER | 00000nam a2200000Ia 4500 | ||
|---|---|---|---|
| 003 | 013662 | ||
| 005 | 20230616094106.0 | ||
| 008 | 140114s2023 cr a 000 ||spa d | ||
| 040 | |c cru CEDI | ||
| 100 | |a Tenorio López, María Rebeca, 1997- |9 695 | ||
| 245 | |a Evaluación de un compuesto conglomerante para la solidificación de un simulante de regolito lunar de potencial aplicación en asentamientos lunares. | ||
| 260 | |a San José, [Costa Rica] |c 2023. | ||
| 500 | |a Proyecto de graduación (licenciatura en ingeniería química)--Universidad de Costa Rica. Facultad de Ingeniería. Escuela de Ingeniería Química | ||
| 501 | |a Director de Proyecto de Graduación: Adolfo Ulate Brenes, M.Sc. | ||
| 650 | |x MATERIALES DE CONSTRUCCION - PRUEBAS |x SIMULANTES DE REGOLITO LUNAR |x MATERIALES DE CONSTRUCCION - FABRICACION |x RESISTENCIA DE MATERIALES - EVALUACION |x SILICIO |x RESINAS POLIESTER |x RESISTENCIA DE MATERIALES - PRUEBAS - NORMAS | ||
| 700 | |9 20 |a Ulate Brenes, Adolfo Mauricio,1977- |d Director del TFG | ||
| 942 | |c CEDI |h TFG 8813 |6 TFG_8813_000000000000000 | ||
| 999 | |c 15545 |d 15545 | ||
